Modern indian poetry in english / (Record no. 346883)
[ view plain ]
| 000 -LEADER | |
|---|---|
| fixed length control field | 01091 a2200205 4500 |
| 020 ## - INTERNATIONAL STANDARD BOOK NUMBER | |
| International Standard Book Number | 019567197X (paperback) |
| 020 ## - INTERNATIONAL STANDARD BOOK NUMBER | |
| International Standard Book Number | 9780195671971 (paperback) |
| 082 04 - DEWEY DECIMAL CLASSIFICATION NUMBER | |
| Classification number | 821.9109954 |
| 090 ## - LOCALLY ASSIGNED LC-TYPE CALL NUMBER (OCLC); LOCAL CALL NUMBER (RLIN) | |
| -- | 4440 |
| -- | 4440 |
| 100 1# - MAIN ENTRY--PERSONAL NAME | |
| Personal name | King, Bruce. |
| 245 10 - TITLE STATEMENT | |
| Title | Modern indian poetry in english / |
| Statement of responsibility, etc. | Bruce King. |
| 250 ## - EDITION STATEMENT | |
| Edition statement | 2 Revised ed. |
| 260 ## - PUBLICATION, DISTRIBUTION, ETC. | |
| Place of publication, distribution, etc. | [S.l.] : |
| Name of publisher, distributor, etc. | Oxford University Press, USA, |
| Date of publication, distribution, etc. | 2005. |
| 300 ## - PHYSICAL DESCRIPTION | |
| Extent | 426 p. ; |
| Dimensions | 22 cm. |
| 490 1# - SERIES STATEMENT | |
| Series statement | Oxford india collection. |
| 520 ## - SUMMARY, ETC. | |
| Summary, etc. | This book, now in a revised edition, is a comprehensive study of modern Indian poetry in English. It is a history and analysis of the most important poets (such as Nissim Ezekial, A.K. Ramanujan and Dom Moraes), books and journals, along with an analysis of the social basis of Indian English-language poetry. This edition includes an updated chronology, an extended essay on Agha Shahid Ali, and two chapters on significant new, younger poets. |
| 830 #0 - SERIES ADDED ENTRY--UNIFORM TITLE | |
| Uniform title | Oxford india collection. |
| 856 40 - ELECTRONIC LOCATION AND ACCESS | |
| Materials specified | Amazon.com |
| Uniform Resource Identifier | <a href="http://www.amazon.com/exec/obidos/ASIN/019567197X/chopaconline-20">http://www.amazon.com/exec/obidos/ASIN/019567197X/chopaconline-20</a> |
| 942 ## - ADDED ENTRY ELEMENTS (KOHA) | |
| Institution code [OBSOLETE] | NBS |
| Koha item type | Book |
| Call number prefix | 821.910995422 KIN |
| Withdrawn status | Lost status | Damaged status | Not for loan | Permanent Location | Current Location | Date acquired | Total Checkouts | Full call number | Barcode | Date last seen | Price effective from | Koha item type |
|---|---|---|---|---|---|---|---|---|---|---|---|---|
| Central Library (CL) | Central Library (CL) | 08/28/2013 | 821.910995422 KIN | NBSD-1104 | 01/16/2022 | 08/28/2013 | Book | |||||
| Central Library (CL) | Central Library (CL) | 08/28/2013 | 821.910995422 KIN | NBSD-1105 | 08/28/2013 | 08/28/2013 | Book | |||||
| Central Library (CL) | Central Library (CL) | 08/28/2013 | 821.910995422 KIN | NBSD-1725 | 08/28/2013 | 08/28/2013 | Book |
